Super Mario 64 étoiles de puissance sur une carte: Caverne brumeuse - Statistiques

Statistiques générales
  • Ce quiz a été pris 67 fois
  • Le résultat moyen est 9 sur 10
Réponses sur la Carte
Les réponses sont colorées sur une échelle allant du rouge au vert en fonction du pourcentage des utilisateurs qui les ont devinées à leur premier essai. Vous pouvez retrouver ces pourcentages ci-dessous.
 
Statistiques - réponses
# Réponse % Correct
2 Ascenseur pour 8 {pièces} {rouges}
100%
2 Chariot pour {pièces} {rouges}
100%
3 Course de {Métal} Mario
91%
3 Fonce, Wario {Métal} !
91%
1 Gros Bibi de la {caverne}
91%
1 Natation dans la {caverne}
91%
7 {Etoile} souterraine
81%
4 Dans le labyrinthe {toxique}
79%
5 Issue de {secours} labyrinthique
68%
6 Attention aux {boulets} !
60%
Aucun quiz correspondant
Distribution des résultats
% des personnes avec chaque résultat
Percentile par nombre de réponses
Votre historique - résultats
Vous n’avez pas pris ce quiz